[Event "Belfort"]
[Site "?"]
[Date "1988.??.??"]
[Round "?"]
[White "Speelman, Jonathan S"]
[Black "Karpov, Anatoly"]
[Result "0-1"]
[WhiteElo "2625"]
[BlackElo "2715"]
[PlyCount "76"]
[EventDate "1988.??.??"]
[Source "www.chesslib.no"]
[SourceDate "2004.05.04"]

1. Nf3 Nf6 2. c4 b6 3. g3 e6 4. Bg2 Bb7 5. O-O Be7 6. Nc3 O-O 7. b3 d5 8. cxd5 Nxd5 9. Bb2 c5 10. Rc1 Nd7 11. Nxd5 Bxd5 12. d4 Rc8 13. Qd2 cxd4 14. Rxc8 Qxc8 15. Qxd4 Nf6 16. Rc1 Qa6 17. e3 Qxa2 18. Nd2 Bc5 19. Qe5 Bd6 20. Qd4 Ba3 21. Bxa3 Qxa3 22. Rc7 Bxg2 23. Kxg2 h6 24. Nc4 Qxb3 25. Rxa7 Qc2 26. Ne5 Ne4 27. Nd3 Nd2 28. Ne5 b5 29. h4 Ne4 30. Nd3 Qc4 31. Qd7 Nd2 32. Rc7 Qe4+ 33. Kh2 Nf3+ 34. Kh3 g5 35. hxg5 hxg5 36. g4 Nh4 37. Ne1 Qh1+ 38. Kg3 Qxe1 0-1

[Event "Lviv"]
[Site "?"]
[Date "2000.??.??"]
[Round "?"]
[White "Krasenkow, M."]
[Black "Beliavsky, A."]
[Result "0-1"]
[WhiteElo "2660"]
[BlackElo "2640"]
[PlyCount "90"]
[EventDate "2000.??.??"]
[Source "Chess Informant"]
[SourceDate "2000.02.01"]

1. c4 e6 2. g3 d5 3. Bg2 Nf6 4. Nf3 Be7 5. O-O O-O 6. b3 c5 7. cxd5 Nxd5 8. Bb2 b6 9. Nc3 Bb7 10. Nxd5 Bxd5 11. Qb1 Nd7 12. Bc3 Re8 13. Rd1 Rc8 14. Qb2 Bf8 15. d4 Qc7 16. Rac1 Qb7 17. Ne1 Bxg2 18. Nxg2 c4 19. Ne3 cxb3 20. Qxb3 Qa6 21. Rc2 Rc6 22. Rdc1 Rec8 23. Be1 Rxc2 24. Rxc2 Rxc2 25. Qxc2 Nf6 26. Nc4 Qc8 27. Qd3 h6 28. f3 b5 29. Ne5 a6 30. Qb3 Qc1 31. Kf2 Nd5 32. e4 Qa1 33. Nc6 Nb6 34. Ke2 h5 35. Nb8 Qxd4 36. Nxa6 Nc4 37. Nc7 Qg1 38. Bf2 Qg2 39. Qxb5 Nd2 40. Qxh5 Bb4 41. Nxe6 Qf1+ 42. Ke3 Nc4+ 43. Kf4 Qxf2 44. Qb5 Bd6+ 45. Kg5 Qxf3 0-1

[Event "Riga tt"]
[Site "?"]
[Date "1975.??.??"]
[Round "?"]
[White "Tal, Mikhail N"]
[Black "Petrosian, Tigran V"]
[Result "1/2-1/2"]
[WhiteElo "2645"]
[BlackElo "2645"]
[PlyCount "41"]
[EventDate "1975.??.??"]
[Source "www.chesslib.no"]
[SourceDate "2004.05.04"]

1. Nf3 Nf6 2. c4 b6 3. g3 Bb7 4. Bg2 e6 5. O-O Be7 6. b3 O-O 7. Bb2 c5 8. e3 d5 9. Qe2 Nc6 10. Rd1 dxc4 11. bxc4 Qc7 12. Nc3 a6 13. Rab1 Rab8 14. Ba1 Na5 15. d3 Nd7 16. Qc2 Rfe8 17. Rd2 Bf6 18. Bb2 Ba8 19. Ba1 Bb7 20. Bb2 Ba8 21. Ba1 1/2-1/2

[Event "Match France Iceland"]
[Site "Paris"]
[Date "2004.09.25"]
[Round "1"]
[White "Hjartarson, Johann"]
[Black "Fressinet, Laurent"]
[Result "1-0"]
[WhiteElo "2628"]
[BlackElo "2637"]
[PlyCount "69"]
[EventDate "2004.09.26"]
[Source "Roberto Alvarez"]
[SourceDate "2004.10.05"]

1. c4 e6 2. Nf3 d5 3. b3 Nf6 4. Bb2 Be7 5. g3 O-O 6. Bg2 c5 7. O-O Nc6 8. e3 d4 9. exd4 cxd4 10. d3 Ne8 11. Re1 f6 12. Na3 e5 13. Nc2 Nc7 14. a3 a5 15. Qe2 Bg4 16. h3 Bh5 17. g4 Bf7 18. Nfxd4 exd4 19. Bxc6 bxc6 20. Qxe7 Qxe7 21. Rxe7 Ne6 22. Re1 Nf4 23. Bxd4 a4 24. b4 Nxd3 25. Rd1 Nf4 26. Be3 Ng6 27. Rc7 Ne5 28. f4 Nxc4 29. Rxc6 Rfe8 30. Kf2 Re7 31. Rd4 Nb2 32. Bc1 Rae8 33. Bxb2 Re2+ 34. Kf3 Bb3 35. Rd8 1-0

[Event "5e GP du Senat"]
[Site "Paris"]
[Date "2004.09.25"]
[Round "1"]
[White "Hjartarson, Johann"]
[Black "Fressinet, Laurent"]
[Result "0-1"]
[WhiteElo "2628"]
[BlackElo "2637"]
[PlyCount "64"]
[EventDate "2004.09.25"]
[Source "Roberto Alvarez"]
[SourceDate "2004.10.05"]

1. c4 e6 2. Nf3 d5 3. b3 Nf6 4. Bb2 Be7 5. g3 O-O 6. Bg2 c5 7. O-O Nc6 8. e3 d4 9. exd4 cxd4 10. d3 Ne8 11. Na3 e5 12. Re1 f6 13. Nc2 Nc7 14. a3 a5 15. Qe2 Re8 16. Rab1 Bf8 17. Ba1 Bg4 18. h3 Bh5 19. g4 Bf7 20. Nd2 Ne6 21. Qf3 Nf4 22. Bh1 Qd7 23. Qg3 h5 24. Ne4 Be6 25. b4 axb4 26. axb4 Ra2 27. Rb2 Rxb2 28. Bxb2 Nxb4 29. Nxb4 Bxb4 30. gxh5 Qf7 31. Bf3 Bxe1 32. h6 Qg6 0-1

[Event "BBC TV Master Game"]
[Site "?"]
[Date "1977.??.??"]
[Round "?"]
[White "Pfleger, Helmut"]
[Black "Karpov, Anatoly"]
[Result "1/2-1/2"]
[WhiteElo "2540"]
[BlackElo "2690"]
[PlyCount "38"]
[EventDate "1977.??.??"]
[Source "www.chesslib.no"]
[SourceDate "2004.05.04"]

1. c4 Nf6 2. Nf3 b6 3. g3 Bb7 4. Bg2 e6 5. O-O Be7 6. b3 O-O 7. Bb2 c5 8. Nc3 d5 9. cxd5 Nxd5 10. d4 Nxc3 11. Bxc3 Na6 12. dxc5 Nxc5 13. Rc1 Rc8 14. Bb2 Be4 15. Rc4 Qxd1 16. Rxd1 Bd5 17. Rc2 Rfd8 18. Rdc1 Be4 19. Rc4 Bd5 1/2-1/2

[Event "SUI chT Riehen-Reichenstein"]
[Site "Svizzera"]
[Date "2007.03.25"]
[Round "2.1"]
[White "Hickl, Joerg"]
[Black "Sokolov, Andrei"]
[Result "1/2-1/2"]
[WhiteElo "2617"]
[BlackElo "2606"]
[PlyCount "96"]
[EventDate "2007.02.25"]
[Source "www.chesslib.no"]
[SourceDate "2004.05.04"]

1. g3 Nf6 2. Bg2 d5 3. Nf3 e6 4. b3 Be7 5. Bb2 O-O 6. c4 c5 7. O-O Nc6 8. e3 b6 9. Nc3 Bb7 10. cxd5 Nxd5 11. Nxd5 exd5 12. d4 a5 13. Qd2 a4 14. Rfd1 axb3 15. axb3 Rxa1 16. Bxa1 Qa8 17. Bc3 Rd8 18. Qb2 Bf8 19. Ne1 cxd4 20. Bxd4 Nxd4 21. Qxd4 Qa5 22. Nd3 Qb5 23. Qb2 Bd6 24. Nf4 Bxf4 25. gxf4 h6 26. Bf3 Bc8 27. b4 Bh3 28. Qd4 Rc8 29. Kh1 Qc4 30. Qe5 Qc3 31. Qh5 Be6 32. f5 Bd7 33. Bxd5 Be8 34. Qg4 Kf8 35. Qd4 Qxd4 36. Rxd4 Ke7 37. Kg2 Bb5 38. Kg3 Rc2 39. h4 Rc1 40. Be4 Rg1+ 41. Kf4 Rc1 42. Bd3 Bd7 43. Bc4 Rh1 44. Ke5 f6+ 45. Kd5 Rc1 46. Rg4 Rd1+ 47. Rd4 Rxd4+ 48. exd4 Ba4 1/2-1/2

[Event "Campionato europeo 2007"]
[Site "Dresda GER"]
[Date "2007.04.04"]
[Round "2"]
[White "Malakhov, Vladimir"]
[Black "Dizdar, Goran"]
[Result "1/2-1/2"]
[WhiteElo "2679"]
[BlackElo "2543"]
[PlyCount "134"]
[EventDate "2007.04.03"]
[Source "www.chesslib.no"]
[SourceDate "2004.05.04"]

1. c4 e6 2. Nf3 Nf6 3. g3 d5 4. b3 c5 5. Bg2 Nc6 6. e3 Be7 7. O-O O-O 8. Bb2 b6 9. Nc3 dxc4 10. bxc4 Bb7 11. Qe2 Qd7 12. Rad1 Rad8 13. Ne1 Na5 14. Bxb7 Qxb7 15. d3 Ne8 16. f4 Nd6 17. a4 f5 18. Nb5 Ne8 19. Nf3 a6 20. Na3 Nd6 21. Bc3 Nc6 22. Rb1 Bf6 23. Qc2 Qc7 24. Rfd1 Nb4 25. Bxb4 cxb4 26. Rxb4 Qc5 27. Rb3 Qxe3+ 28. Qf2 Qxf2+ 29. Kxf2 Ne4+ 30. Ke3 Nc3 31. Rd2 Nxa4 32. d4 Rc8 33. Rb4 b5 34. cxb5 Nb6 35. Rb3 axb5 36. Kf2 Nc4 37. Nxc4 bxc4 38. Rc3 Rc7 39. Rdc2 Rfc8 40. Ke2 Kf8 41. Nd2 Bxd4 42. Rxc4 Rxc4 43. Rxc4 Rxc4 44. Nxc4 Ke7 45. Nd2 Kd6 46. Nf3 Kd5 47. Kd3 Bb6 48. Ke2 h6 49. h4 h5 50. Ng5 Bd8 51. Nh3 Be7 52. Nf2 Bf6 53. Nh3 Kd4 54. Nf2 Be7 55. Nh3 Ba3 56. Ng5 Kd5 57. Nh3 Bb2 58. Nf2 e5 59. fxe5 Bxe5 60. Kf3 Bc3 61. Nh3 Bd2 62. Nf4+ Bxf4 63. Kxf4 Ke6 64. Kg5 Ke5 65. Kg6 f4 66. gxf4+ Kxf4 67. Kxh5 Ke5 1/2-1/2

[Event "Moscow (ol)"]
[Site "?"]
[Date "1994.??.??"]
[Round "?"]
[White "Lobron, E."]
[Black "Tiviakov, S."]
[Result "0-1"]
[WhiteElo "2580"]
[BlackElo "2640"]
[PlyCount "77"]
[EventDate "1994.??.??"]
[Source "ChessBase"]
[SourceDate "1994.10.01"]

1. Nf3 Nf6 2. c4 b6 3. g3 e6 4. Bg2 Bb7 5. O-O Be7 6. b3 O-O 7. Bb2 c5 8. e3 d5 9. Qe2 Nc6 10. d3 dxc4 11. bxc4 Qc7 12. Nc3 Rfd8 13. Ne1 a6 14. f4 Nb4 15. a3 Bxg2 16. Qxg2 Nc6 17. g4 Ne8 18. g5 Nd6 19. Rf3 b5 20. cxb5 axb5 21. Rh3 b4 22. Ne4 Nxe4 23. Qxe4 g6 24. f5 exf5 25. Qh4 h5 26. gxh6 Ne5 27. h7+ Kh8 28. Nf3 f6 29. Nxe5 fxe5 30. Qg3 Bf6 31. Rh6 bxa3 32. Rxa3 Rxa3 33. Rxg6 Kxh7 34. Rxf6 Qg7 35. Qxg7+ Kxg7 36. Bxe5 Raxd3 37. Rc6+ Kf7 38. Rxc5 Rxe3 39. Bf4 0-1

[Event "DSV-Turnier"]
[Site "Halle"]
[Date "1974.??.??"]
[Round "?"]
[White "Tal, Mihail"]
[Black "Savon, Vladimir A"]
[Result "1/2-1/2"]
[WhiteElo "2635"]
[BlackElo "2575"]
[PlyCount "55"]
[EventDate "1974.??.??"]
[Source "ChessBase"]

1. Nf3 Nf6 2. c4 e6 3. g3 b6 4. Bg2 Bb7 5. O-O Be7 6. b3 O-O 7. Bb2 c5 8. e3 d5 9. Nc3 Nbd7 10. Qe2 Ne4 11. cxd5 Nxc3 12. Bxc3 Bxd5 13. Rfd1 Nf6 14. d4 cxd4 15. Bxd4 Qc7 16. Ne5 Bxg2 17. Kxg2 Qb7+ 18. Qf3 Qxf3+ 19. Kxf3 Rfc8 20. Rac1 Ba3 21. Rc6 Kf8 22. e4 Ke8 23. Be3 Rxc6 24. Nxc6 Nd7 25. b4 Bb2 26. Bd4 Bxd4 27. Rxd4 a6 28. Rd6 1/2-1/2

[Event "Corr"]
[Site "?"]
[Date "1994.??.??"]
[Round "?"]
[White "McNab Colin Anderson"]
[Black "Bang Erik BH"]
[Result "1/2-1/2"]
[WhiteElo "2520"]
[BlackElo "2680"]
[PlyCount "67"]
[EventDate "1994.??.??"]
[Source "www.chesslib.no"]
[SourceDate "2004.05.04"]

1. Nf3 Nf6 2. c4 e6 3. g3 d5 4. b3 Be7 5. Bg2 O-O 6. O-O c5 7. e3 b6 8. Bb2 Bb7 9. Qe2 Nbd7 10. d3 Qc7 11. Nc3 Rac8 12. Rac1 Rfd8 13. e4 d4 14. Nb5 Qb8 15. Nd2 e5 16. f4 Ne8 17. f5 a6 18. Na3 Nd6 19. Rce1 f6 20. h4 Nf8 21. Bc1 Nf7 22. Nf3 h6 23. Bh3 Bc6 24. Bg4 Be8 25. Bh5 Nd6 26. Bxe8 Rxe8 27. Rf2 Nf7 28. Kh1 Rc6 29. Rh2 Qc7 30. g4 Nh7 31. Rg1 Rb8 32. Qg2 Qd8 33. Qg3 Qe8 34. Rhg2 1/2-1/2

[Event "EU-ch 4th"]
[Site "?"]
[Date "2003.06.07"]
[Round "8"]
[White "Graf Alexander"]
[Black "Goloshchapov Alexander"]
[Result "1/2-1/2"]
[WhiteElo "2630"]
[BlackElo "2558"]
[PlyCount "102"]
[EventDate "2003.??.??"]
[Source "www.chesslib.no"]
[SourceDate "2004.05.04"]

1. c4 e6 2. Nf3 d5 3. b3 Nf6 4. g3 Be7 5. Bg2 b6 6. O-O Bb7 7. Bb2 O-O 8. d3 c5 9. e3 Nc6 10. Qe2 Qc7 11. Nc3 Rad8 12. Rfd1 Rd7 13. cxd5 Nxd5 14. Nxd5 Rxd5 15. d4 Rd7 16. dxc5 Bxc5 17. Ng5 Rfd8 18. Qc2 Rxd1+ 19. Rxd1 Rxd1+ 20. Qxd1 h6 21. Ne4 Bf8 22. h4 Ne7 23. Qd4 Nf5 24. Qd3 Bd5 25. Nf6+ gxf6 26. Bxd5 Nxg3 27. Bc4 Nf5 28. Bxf6 Be7 29. Bb2 Bf8 30. e4 Nxh4 31. Qc3 Ng6 32. Qd4 Qf4 33. Be2 Qd6 34. Qc3 Qc5 35. Qxc5 Bxc5 36. Ba6 Bd6 37. Kg2 Be5 38. Bc1 Bf4 39. Bb2 Be5 40. Bc1 Kg7 41. Be3 Bf4 42. Bd4+ Be5 43. Be3 Kf6 44. a4 Bf4 45. Bd4+ Be5 46. Be3 Bf4 47. Bd4+ Ke7 48. a5 Be5 49. Be3 Bf4 50. Bd4 Be5 51. Be3 Bf4 1/2-1/2

[Event "Spartakiade tt 8th"]
[Site "Moscow RUS"]
[Date "1983.??.??"]
[Round "1"]
[White "Polugaevsky, Lev A"]
[Black "Vaganian, Rafael A"]
[Result "1/2-1/2"]
[WhiteElo "2625"]
[BlackElo "2550"]
[PlyCount "59"]
[EventDate "1983.07.??"]
[Source "www.chesslib.no"]
[SourceDate "2004.05.04"]

1. Nf3 Nf6 2. c4 c5 3. g3 b6 4. Bg2 Bb7 5. O-O e6 6. b3 Be7 7. Bb2 O-O 8. e3 d5 9. Qe2 Nc6 10. Rd1 dxc4 11. bxc4 Rc8 12. Nc3 Qc7 13. d3 a6 14. Rab1 Na7 15. a4 Rfd8 16. Ne1 Bxg2 17. Kxg2 Rb8 18. Ba1 b5 19. axb5 axb5 20. cxb5 Nxb5 21. Nxb5 Rxb5 22. Rxb5 Qc6+ 23. Nf3 Qxb5 24. Ne5 Nd7 25. Nc4 Nb6 26. Nxb6 Qxb6 27. d4 cxd4 28. Rxd4 Rxd4 29. Bxd4 Qc6+ 30. Qf3 1/2-1/2

[Event "Bonn GSK"]
[Site "Bonn"]
[Date "1994.??.??"]
[Round "5"]
[White "Kengis, Edvins"]
[Black "Rozentalis, Eduardas"]
[Result "1/2-1/2"]
[WhiteElo "2565"]
[BlackElo "2605"]
[PlyCount "70"]
[EventDate "1994.??.??"]
[Source "www.chesslib.no"]
[SourceDate "2004.05.04"]

1. Nf3 Nf6 2. g3 b6 3. Bg2 Bb7 4. c4 e6 5. O-O Be7 6. b3 O-O 7. Bb2 d5 8. e3 c5 9. Nc3 Nbd7 10. Qe2 Qc7 11. cxd5 Nxd5 12. Nxd5 Bxd5 13. e4 Bb7 14. d4 Nf6 15. dxc5 Bxc5 16. Bxf6 gxf6 17. e5 f5 18. Rac1 Qe7 19. Ne1 Rad8 20. Bxb7 Qxb7 21. Nd3 Be7 22. Nf4 Rd4 23. Rfd1 Re4 24. Qb5 a6 25. Qc6 Qxc6 26. Rxc6 Bc5 27. Rd7 Rxe5 28. Nd3 Re4 29. Nxc5 bxc5 30. Rxc5 Re2 31. a4 Rb2 32. Rc3 a5 33. Kg2 Rb8 34. Rcc7 Rf8 35. Rb7 Kg7 1/2-1/2

[Event "Malmo"]
[Site "Malmo"]
[Date "1995.??.??"]
[Round "6"]
[White "Hjartarson, Johann"]
[Black "Sadler, Matthew"]
[Result "0-1"]
[WhiteElo "2590"]
[BlackElo "2575"]
[PlyCount "116"]
[EventDate "1995.05.??"]
[Source "ChessBase"]

1. c4 c5 2. b3 Nf6 3. Bb2 Nc6 4. Nf3 e6 5. g3 Be7 6. Bg2 O-O 7. O-O d5 8. e3 d4 9. exd4 cxd4 10. Re1 Ne8 11. a3 a5 12. Ne5 Nxe5 13. Rxe5 f6 14. Re1 e5 15. d3 Rb8 16. Nd2 Nc7 17. f4 exf4 18. gxf4 b6 19. Qe2 Bc5 20. Qf2 Bf5 21. Ne4 Qd7 22. Qd2 Bxe4 23. Rxe4 f5 24. Re5 Qd6 25. Qf2 Rbd8 26. Kh1 Kh8 27. Qg3 Rf7 28. Bf3 Rdf8 29. Qf2 Rd7 30. Qh4 Rdf7 31. Qg3 Rd7 32. h4 Rf6 33. h5 Qf8 34. Qf2 Qd6 35. Qg2 Qf8 36. Rae1 Rd8 37. R1e2 Rd7 38. Qg1 Qd8 39. Qe1 Rf8 40. Bc6 Rd6 41. Bf3 Rh6 42. Rg2 Qd7 43. b4 axb4 44. axb4 Bd6 45. Bxd4 Bxe5 46. Bxe5 Ne8 47. d4 Nf6 48. Rg5 Rg8 49. d5 Qa4 50. Qc3 Qa2 51. Kg1 Qb1+ 52. Kg2 Ra8 53. Bd4 Ra2+ 54. Kg3 Qf1 55. Qe3 Rxh5 56. Rxh5 Nxh5+ 57. Kh4 h6 58. Kxh5 Kh7 0-1

[Event "Lucerne olm"]
[Site "Lucerne olm"]
[Date "1982.??.??"]
[Round "9"]
[White "Smejkal, Jan"]
[Black "Ribli, Zoltan"]
[Result "1/2-1/2"]
[WhiteElo "2570"]
[BlackElo "2590"]
[PlyCount "29"]
[EventDate "1982.??.??"]
[Source "www.chesslib.no"]
[SourceDate "2004.05.04"]

1. Nf3 c5 2. c4 Nf6 3. g3 b6 4. Bg2 Bb7 5. O-O e6 6. Nc3 Be7 7. b3 d5 8. cxd5 Nxd5 9. Nxd5 Bxd5 10. Bb2 O-O 11. Qb1 Nd7 12. Rd1 Qc7 13. d4 Qb7 14. dxc5 Nxc5 15. Bd4 1/2-1/2

[Event "Stockholm SWE"]
[Site "Stockholm SWE"]
[Date "1989.??.??"]
[Round "?"]
[White "Webb, Simon"]
[Black "Dokhoian, Yury R"]
[Result "1-0"]
[WhiteElo "2585"]
[BlackElo "2575"]
[PlyCount "77"]
[EventDate "1989.??.??"]
[Source "www.chesslib.no"]
[SourceDate "2004.05.04"]

1. Nf3 Nf6 2. c4 c5 3. Nc3 e6 4. g3 b6 5. Bg2 Bb7 6. O-O Be7 7. b3 d5 8. e3 O-O 9. Bb2 dxc4 10. bxc4 Nc6 11. Qe2 a6 12. Rfd1 Qc7 13. d3 Rab8 14. Rab1 Rfd8 15. Ba1 Na5 16. h4 Bc6 17. a4 Rd7 18. Bh3 Bxf3 19. Qxf3 Nc6 20. Ne4 Ne5 21. Qf4 Nc6 22. Nxf6+ Bxf6 23. Qxc7 Rxc7 24. Bxf6 gxf6 25. d4 cxd4 26. exd4 e5 27. c5 bxc5 28. Rxb8+ Nxb8 29. d5 Nd7 30. Rc1 Kf8 31. Bxd7 Rxd7 32. Rxc5 Ke7 33. Kg2 e4 34. g4 Kd6 35. Ra5 Ke5 36. d6+ Kxd6 37. Rxa6+ Ke5 38. Ra5+ Kf4 39. Rf5+ 1-0

[Event "TCh-ESP Div"]
[Site "?"]
[Date "2001.??.??"]
[Round "?"]
[White "Damljanovic, B."]
[Black "Milos, G."]
[Result "1-0"]
[WhiteElo "2545"]
[BlackElo "2610"]
[PlyCount "109"]
[EventDate "2001.??.??"]
[Source "www.chesslib.no"]
[SourceDate "2004.05.04"]

1. Nf3 Nf6 2. c4 e6 3. g3 d5 4. Bg2 Be7 5. O-O O-O 6. b3 b6 7. Bb2 Bb7 8. e3 c5 9. Nc3 dxc4 10. bxc4 Nc6 11. Qe2 Qc7 12. Rfd1 Rfd8 13. Rac1 a6 14. d3 Rd7 15. Rb1 Rad8 16. Ba1 Na7 17. d4 cxd4 18. exd4 Rc8 19. Ne5 Rdd8 20. d5 exd5 21. Nxd5 Nxd5 22. cxd5 Bf8 23. Qb2 Rd6 24. Rbc1 Qd8 25. Nc4 Rh6 26. Ne3 Rxc1 27. Rxc1 Nb5 28. a4 Nd6 29. Ng4 Rh5 30. Ne5 b5 31. axb5 axb5 32. Qe2 Rh6 33. h4 f5 34. Nc6 Qd7 35. Rb1 f4 36. Be5 fxg3 37. fxg3 Qe8 38. Qe1 Rg6 39. Bf4 Qxe1+ 40. Rxe1 Rf6 41. Bg5 Rf7 42. Nd8 Rc7 43. Ne6 Rc8 44. Bf4 Nc4 45. d6 Bxg2 46. d7 Bb7 47. dxc8=Q Bxc8 48. Nxf8 Kxf8 49. Bg5 h6 50. Be7+ Kf7 51. Bb4 Be6 52. Rf1+ Kg6 53. Rf8 Ne3 54. Re8 Kf5 55. Bf8 1-0

[Event "It, Kladovo YUG"]
[Site "?"]
[Date "2001.??.??"]
[Round "9"]
[White "Sulypa, A."]
[Black "Crisan, A."]
[Result "1/2-1/2"]
[WhiteElo "2515"]
[BlackElo "2635"]
[PlyCount "41"]
[EventDate "2001.??.??"]
[Source "www.chesslib.no"]
[SourceDate "2004.05.04"]

1. Nf3 Nf6 2. c4 e6 3. g3 d5 4. b3 b6 5. Bg2 Bb7 6. Bb2 Be7 7. O-O O-O 8. e3 Nbd7 9. Nc3 dxc4 10. bxc4 c5 11. Qe2 Rc8 12. Rfd1 Ne4 13. Nxe4 Bxe4 14. d3 Bc6 15. Ne1 Bf6 16. a4 Bxg2 17. Kxg2 Ne5 18. Nf3 Qc7 19. Nxe5 Bxe5 20. Bxe5 Qxe5 21. a5 1/2-1/2

[Event "URS-ch39 Leningrad"]
[Site "?"]
[Date "1971.??.??"]
[Round "?"]
[White "Savon, Vladimir A"]
[Black "Krogius, Nikolai V"]
[Result "1-0"]
[WhiteElo "2570"]
[BlackElo "2580"]
[PlyCount "83"]
[EventDate "1971.??.??"]
[Source "www.chesslib.no"]
[SourceDate "2004.05.04"]

1. Nf3 Nf6 2. c4 e6 3. g3 d5 4. Bg2 Be7 5. O-O O-O 6. b3 c5 7. cxd5 Nxd5 8. Bb2 b6 9. d4 Bb7 10. dxc5 Bxc5 11. Nbd2 Nd7 12. Nd4 Rc8 13. Ne4 Be7 14. Nb5 Ba6 15. a4 Bxb5 16. axb5 Rc7 17. Qd4 N7f6 18. Rfd1 Qe8 19. Qe5 Rd7 20. Ra4 h6 21. g4 Bd8 22. Rd3 Bc7 23. Nxf6+ Nxf6 24. Qe3 Rxd3 25. Qxd3 Qb8 26. h3 Be5 27. Bxe5 Qxe5 28. Rxa7 h5 29. gxh5 Nxh5 30. e3 Rc8 31. Bc6 Qg5+ 32. Kh2 Qh4 33. Kg2 Qg5+ 34. Kf1 Qh4 35. Kg2 Qg5+ 36. Kf1 Qh4 37. Rxf7 Qxh3+ 38. Ke1 Qh4 39. Qg6 Rd8 40. Qxe6 Kh8 41. Qe7 Qxe7 42. Rxe7 1-0

[Event "Yerevan (ol)"]
[Site "?"]
[Date "1996.??.??"]
[Round "?"]
[White "Blatny, P."]
[Black "Almasi, Z."]
[Result "1-0"]
[WhiteElo "2490"]
[BlackElo "2655"]
[PlyCount "145"]
[EventDate "1996.??.??"]
[Source "ChessBase"]
[SourceDate "1996.06.01"]

1. Nf3 Nf6 2. c4 e6 3. g3 b6 4. Bg2 Bb7 5. O-O Be7 6. b3 O-O 7. Bb2 c5 8. e3 d5 9. d3 Nbd7 10. Nc3 Rc8 11. Qc2 Qc7 12. Rae1 Qb8 13. e4 dxe4 14. dxe4 Ng4 15. Nd2 Nge5 16. f4 Nc6 17. Nf3 Rfd8 18. Qb1 Qa8 19. Nd1 Nf6 20. Nf2 Nd4 21. Nxd4 cxd4 22. Rd1 d3 23. Rxd3 Bc5 24. Bxf6 gxf6 25. Rfd1 f5 26. Kf1 Bxf2 27. Kxf2 fxe4 28. Bxe4 Bxe4 29. Rxd8+ Rxd8 30. Rxd8+ Qxd8 31. Qxe4 Qd2+ 32. Qe2 Qc1 33. Kg2 Qb1 34. Kf3 Kf8 35. Qd2 h6 36. Ke3 Kg8 37. Kd4 Qa1+ 38. Kd3 Kh7 39. b4 Qf1+ 40. Kc3 Qa1+ 41. Kb3 Qb1+ 42. Qb2 Qd3+ 43. Qc3 Qb1+ 44. Ka3 Kg8 45. Qd2 Qe4 46. Kb3 Qf3+ 47. Qc3 Qe4 48. a4 Kf8 49. c5 bxc5 50. Qxc5+ Kg8 51. Qc8+ Kg7 52. Qc3+ Kg8 53. Qc8+ Kg7 54. b5 Qb1+ 55. Ka3 Qg1 56. Qc3+ Kg6 57. Qc2+ Kh5 58. Qe2+ Kg6 59. Kb3 Qb1+ 60. Kc4 Kg7 61. Qd2 Qf1+ 62. Kc5 Qf3 63. Qd4+ Kg6 64. Kb4 Qe2 65. Ka5 Qxh2 66. Qd3+ Kg7 67. Qe3 Qc2 68. Qd4+ Kg6 69. Ka6 f6 70. Kxa7 e5 71. fxe5 fxe5 72. Qd6+ Kf5 73. Qd7+ 1-0

[Event "URS-CupT"]
[Site "Ordzhonikidze"]
[Date "1978.??.??"]
[Round "?"]
[White "Kochiev, Aleksandr V"]
[Black "Geller, Efim P"]
[Result "1/2-1/2"]
[WhiteElo "2555"]
[BlackElo "2590"]
[PlyCount "59"]
[EventDate "1978.05.??"]
[Source "www.chesslib.no"]
[SourceDate "2004.05.04"]

1. Nf3 Nf6 2. c4 e6 3. g3 d5 4. Bg2 Be7 5. O-O O-O 6. b3 c5 7. e3 Nc6 8. Bb2 b6 9. Qe2 Bb7 10. Rd1 dxc4 11. bxc4 Qc7 12. d3 Rfd8 13. Nfd2 Rd7 14. Nf3 Rad8 15. a4 a5 16. Nc3 Ne8 17. Na2 Bf6 18. Bxf6 Nxf6 19. Nc3 Nb4 20. Nb5 Qb8 21. d4 Qa8 22. dxc5 bxc5 23. Rxd7 Rxd7 24. Rd1 Bc6 25. Nc3 h6 26. Ne1 Bxg2 27. Nxg2 Qc6 28. Nf4 Rxd1+ 29. Qxd1 Qd7 30. Qe2 1/2-1/2

[Event "JUG Team Ch"]
[Site "Cetinje"]
[Date "1991.??.??"]
[Round "7"]
[White "Damljanovic, Branko"]
[Black "Razuvaev, Yuri S"]
[Result "1-0"]
[WhiteElo "2560"]
[BlackElo "2585"]
[PlyCount "109"]
[EventDate "1991.??.??"]
[Source "www.chesslib.no"]
[SourceDate "2004.05.04"]

1. Nf3 Nf6 2. c4 b6 3. g3 Bb7 4. Bg2 e6 5. O-O Be7 6. b3 O-O 7. Bb2 d5 8. e3 Nbd7 9. Qe2 dxc4 10. bxc4 Nc5 11. d4 Nce4 12. Ne5 c5 13. d5 exd5 14. Rd1 Bd6 15. cxd5 Bxe5 16. Bxe5 Re8 17. f4 Qe7 18. Qc2 Rad8 19. Bxe4 Nxe4 20. Qxe4 f6 21. Nc3 fxe5 22. f5 Qg5 23. Rd2 h5 24. a4 Rf8 25. Rf1 Bc8 26. Rdf2 Ba6 27. h4 Qg4 28. Qxg4 hxg4 29. Rd1 Bc4 30. e4 Rd7 31. Rdd2 Bb3 32. Rf1 c4 33. Ra1 a6 34. h5 Kf7 35. Rh2 Rh8 36. Rh4 Rd6 37. Kf2 Rdh6 38. Rah1 Rb8 39. Rxg4 b5 40. axb5 axb5 41. Ra1 Rb7 42. Nxb5 Rxb5 43. Ra7+ Kf8 44. Ra8+ Kf7 45. Ra7+ Kf8 46. Rgxg7 Rb8 47. Raf7+ Ke8 48. g4 Bd1 49. Rc7 Kf8 50. Rcf7+ Ke8 51. Rc7 Kf8 52. Rg6 Rb6 53. Kg3 Be2 54. Rc8+ Kf7 55. Kh4 1-0